| 000 | 00380nam a2200169Ia 4500 | ||
|---|---|---|---|
| 008 | 210210b1948 xxu||||| |||| 00| 0 eng d | ||
| 041 | _aeng | ||
| 082 | _a821/328 | ||
| 100 | _aKEATS (John) | ||
| 245 | _aPoems: Murry Ed | ||
| 260 |
_aLondon _bNot Mentioned _c1948 |
||
| 650 | _aPoems: | ||
| 650 | _aMurry | ||
| 650 | _aEd | ||
| 690 | _aEnglish Literature | ||
| 906 | _a011497 | ||
| 999 |
_c130174 _d130174 |
||